000 00488nam a2200145 i 4500
001 87157
003 ES-MaACL
007 t|
008 041220s1971 xxu ||||1| eng d
100 1 _aKracauer, Siegfried.
_968692
245 1 0 _aFrom Caligari to Hitler
_b: a psychological history of the german film /
_cby Siegfried Kracauer.
260 _aPrinceton, New Jersey :
_bUniversity of Princeton,
_c[1971]
300 _aXII, 361 p., 64 lám. ;
_c21 cm.
852 _aES-MaACL
_jE-5639
_bR.89925
999 _c87157
_d87157